000
00276nam a22001217a 4500
999
_c
8984
_d
8984
003
OSt
005
20191126173537.0
008
191126b ||||| |||| 00| 0 eng d
040
_c
DDC
100
_a
Kumar, Santhosh S.
245
_a
A Guide to Inclusive Language
942
_2
ddc
_c
BK